10 Most Visited Websites - Statistics

General Stats
  • This quiz has been taken 65 times
  • The average score is 6 of 10
Answer Stats
Hint Answer % Correct
Search Engines Google
97%
Social Media Networks Instagram
92%
Social Media Networks Facebook
90%
Dictionaries and Encyclopedias Wikipedia
85%
Social Media Networks Twitter
84%
Streaming & Online TV Youtube
79%
News & Media Publishers Yahoo
56%
Social Media Networks Whatsapp
18%
Search Engines Baidu
2%
Search Engines Yandex
2%
No matching quizzes found
Score Distribution
Percent of People with Each Score
Percentile by Number Answered
Your Score History
You have not taken this quiz